Readings on communicating with strangers : (Record no. 1066)
[ view plain ]
| 000 -LEADER | |
|---|---|
| fixed length control field | 00657nam a2200193 4500 |
| 001 - CONTROL NUMBER | |
| control field | 1436 |
| 005 - DATE AND TIME OF LATEST TRANSACTION | |
| control field | 20181127163314.0 |
| 008 - FIXED-LENGTH DATA ELEMENTS--GENERAL INFORMATION | |
| fixed length control field | 910524s1992 nyua b 000 0 eng |
| 010 ## - LIBRARY OF CONGRESS CONTROL NUMBER | |
| LC control number | 91-20075 |
| 020 ## - INTERNATIONAL STANDARD BOOK NUMBER | |
| International Standard Book Number | 0070251401 |
| 245 00 - TITLE STATEMENT | |
| Title | Readings on communicating with strangers : |
| Remainder of title | An approach to intercultural communication / |
| Statement of responsibility, etc. | edited by William B. Gudykunst, Young Yun Kim. |
| 260 ## - PUBLICATION, DISTRIBUTION, ETC. | |
| Place of publication, distribution, etc. | New York : |
| Name of publisher, distributor, etc. | McGraw-Hill, |
| Date of publication, distribution, etc. | c1992. |
| 300 ## - PHYSICAL DESCRIPTION | |
| Extent | xix, 456 p. : |
| Other physical details | ill. ; |
| Dimensions | 24 cm. |
| 504 ## - BIBLIOGRAPHY, ETC. NOTE | |
| Bibliography, etc. note | Includes bibliographical references. |
| 650 #0 - SUBJECT ADDED ENTRY--TOPICAL TERM | |
| Topical term or geographic name entry element | Intercultural communication. |
| Topical term or geographic name entry element | Intergroup relations. |
| 700 10 - ADDED ENTRY--PERSONAL NAME | |
| Personal name | Gudykunst, William B. |
| Personal name | Kim, Young Yun. |
| Withdrawn status | Lost status | Source of classification or shelving scheme | Damaged status | Not for loan | Collection code | Home library | Current library | Shelving location | Serial Enumeration / chronology | Inventory number | Total Checkouts | Full call number | Barcode | Date last seen | Price effective from | Koha item type |
|---|---|---|---|---|---|---|---|---|---|---|---|---|---|---|---|---|
| Dewey Decimal Classification | Main TEST | RTC Library | RTC Library | Main opac | 649 | 158.2 GUD | 30005084 | 27/11/2018 | 27/11/2018 | Main |